| 000 | 01040cam a2200157 4500500 | ||
|---|---|---|---|
| 005 | 20260111102011.0 | ||
| 041 | _afre | ||
| 042 | _adc | ||
| 100 | 1 | 0 |
_aDelbreuve, Philippe _eauthor |
| 245 | 0 | 0 | _aEntre ravage et ravissement : le temps du CER (2000-2004) |
| 260 | _c2005. | ||
| 500 | _a81 | ||
| 520 | _aRésumé L’auteur parle de la création des cer qui répondaient à une logique et une commande politiques fortement teintées par la crainte et l’insécurité d’adolescents, délinquants multirécidivistes souvent issus des quartiers sensibles. Il s’intéresse à l’encadrement éducatif renforcé qui vise la mise en place de programmes d’activités intensifs, faisant rupture avec l’oisiveté de ces mineurs en grande difficulté, très ancrés dans la délinquance et les actes multirécidivistes, et aux nouvelles pistes de travail pour le cer. | ||
| 786 | 0 | _nEmpan | 59 | 3 | 2005-09-01 | p. 17-29 | 1152-3336 | |
| 856 | 4 | 1 | _uhttps://shs.cairn.info/revue-empan-2005-3-page-17?lang=fr&redirect-ssocas=7080 |
| 999 |
_c1629768 _d1629768 |
||